| 000 | 00757nam a2200205 a 4500 | ||
|---|---|---|---|
| 001 | 000039388 | ||
| 005 | 20201002031627.0 | ||
| 008 | 130625s1998 dr 000 0 spa d | ||
| 020 | _a8400077539 | ||
| 040 |
_aDO-SdBNP _bspa _cBNPHU |
||
| 100 | 1 |
_aRodríguez Somolinos, Helena _965597 |
|
| 245 | 1 | 3 |
_aEl léxico de los poetas lesbios / _cHelena Rodríguez Somolinos. |
| 260 |
_aMadrid : _bInstituto de Filosología _bConsejo Superior de Investigación Científicas, _c1998. |
||
| 300 |
_a381 p. ; _c24 cm. |
||
| 490 | 1 |
_aDiccionario griego-español _aAnjos _v4 |
|
| 504 | _aBibliografía : 314-338 | ||
| 500 | _aIncluye índice | ||
| 710 | 2 |
_aConsejo Superior de Investigación Científicas _963831 |
|
| 830 | 0 |
_aDiccionario griego-español _aAnejos _v4 _965598 |
|
| 999 |
_c38878 _d38878 |
||